Anemia e hipoxia / (Record no. 176182)

MARC details
000 -LEADER
campo de control de longitud fija 00896nam a22002895i 4500
001 - NÚMERO DE CONTROL
campo de control 176182
003 - IDENTIFICADOR DE NÚMERO DE CONTROL
campo de control ES-MaACL
005 - FECHA Y HORA DE LA ÚLTIMA TRANSACCIÓN
campo de control 20230906220020.0
008 - DATOS DE LONGITUD FIJA--INFORMACIÓN GENERAL
campo de control de longitud fija 101222s1976 sp |||| | spa d
020 ## - NÚMERO INTERNACIONAL ESTÁNDAR DEL LIBRO
Número Internacional Estándar del Libro 84-345-1373-0
080 ## - NÚMERO DE LA CLASIFICACIÓN DECIMAL UNIVERSAL
Número de la Clasificación Decimal Universal 616.155.19
080 ## - NÚMERO DE LA CLASIFICACIÓN DECIMAL UNIVERSAL
Número de la Clasificación Decimal Universal 616.15
245 00 - MENCIÓN DEL TÍTULO
Título Anemia e hipoxia /
Mención de responsabilidad, etc. director, Lars Garby ; consejo editorial H. G. Lasch... [et al.].
260 ## - PUBLICACIÓN, DISTRIBUCIÓN, ETC.
Lugar de publicación, distribución, etc. Barcelona [etc.] :
Nombre del editor, distribuidor, etc. Salvat,
Fecha de publicación, distribución, etc. imp. 1976.
300 ## - DESCRIPCIÓN FÍSICA
Extensión IX, 146 p. ;
Dimensiones 25 cm.
490 1# - MENCIÓN DE SERIE
Mención de serie Clínica hematológica ;
Designación de volumen o secuencia 2/3
500 ## - NOTA GENERAL
Nota general Índice.
504 ## - NOTA DE BIBLIOGRAFÍA, ETC.
Nota de bibliografía, etc. Bibliografía.
594 ## - Nota al título y mención de responsabilidad
Nota al título y mención de responsabilidad Tít. original: Anaemia and Hypoxia.
650 04 - PUNTO DE ACCESO ADICIONAL DE MATERIA--TÉRMINO DE MATERIA
Término de materia o nombre geográfico como elemento de entrada Anemia.
9 (RLIN) 144471
650 04 - PUNTO DE ACCESO ADICIONAL DE MATERIA--TÉRMINO DE MATERIA
Término de materia o nombre geográfico como elemento de entrada Anoxemia.
9 (RLIN) 144472
700 1# - ENTRADA AGREGADA--NOMBRE PERSONAL
Nombre de persona Garby, Lars.
9 (RLIN) 144470
700 1# - ENTRADA AGREGADA--NOMBRE PERSONAL
Nombre de persona Lasch, Hans-Gotthard.
9 (RLIN) 144469
830 0# - PUNTO DE ACCESO ADICIONAL DE SERIE-TÍTULO UNIFORME
Título uniforme Clínica hematológica ;
Designación de volumen o secuencia 2/3
9 (RLIN) 187616
852 ## - LOCALIZACIÓN
Ubicación ES-MaACL
Número de control de estantería E-13859
Encuadernación Olim P-372
Holdings
Estatus retirado Estado de pérdida Estado de daño No para préstamo Biblioteca de origen Biblioteca actual Ubicación en estantería Fecha de adquisición Fuente de adquisición Total de préstamos Signatura topográfica completa Código de barras Visto por última vez Precio de reemplazo Tipo de ítem Koha
        Biblioteca del Ateneo de Madrid Biblioteca del Ateneo de Madrid Depósito 2 22/12/2010     E-13859 1185032 23/02/2023 23/02/2023 Libro impreso